Baladilla e invierno /
Colección:
San Jorge,
; núm. 17 (gener 1955), pàg. 8-9
MARC
| LEADER | 00000nam a2200000Ia 4500 | ||
|---|---|---|---|
| 008 | 160829s9999 xx 000 0 cat d | ||
| 100 | 1 | |a Rojas, Carlos, |9 55283 |d 1928-2020 | |
| 245 | 1 | 0 | |a Baladilla e invierno / |c Carlos Rojas |
| 490 | |a San Jorge, |v núm. 17 (gener 1955), pàg. 8-9 | ||
| 650 | 0 | |a Hivern |x Narrativa |9 55284 | |
| 650 | 0 | |a Contes catalans |9 37592 |2 Arxiu | |
| 773 | |g Núm. 17 (gener 1955), pàg. 8-9 |t San Jorge. | ||
| 901 | |a Arxiu | ||
| 942 | |n 1 |2 udc |c ART | ||
| 952 | |0 0 |1 0 |4 0 |6 REV510 |7 1 |9 65086 |a Arxiu |b Arxiu |d 2023-01-24 |l 0 |o Rev-510 |r 2023-01-24 00:00:00 |w 2023-01-24 |y ARXIU |z També disponible a Rev-524 | ||
| 999 | |c 48173 |d 48173 | ||